LEADER 01198nam0 2200397 450 001 990000794920203316 005 1995070412205547 010 $a88-15-03335-1$dL. 24000 020 $aIT$b95-539s 035 $a0079492 035 $aUSA010079492 035 $a(ALEPH)000079492USA01 035 $a0079492 100 $a19960130d1991 |||y0itay01 ba 101 $aita 102 $aIT 105 $a00||| 200 1 $aHIl Ipresente della poesia$e1960-1990$fNiva Lorenzini 210 $aBologna$cIl mulino$d[1991] 215 $a253 p.$d21 cm 225 2 $aUniversale paperbacks Il mulino$v260. 410 0$12001$aUniversale paperbacks Il mulino$v348 606 $aPoesia italiana$z1960-1990$2SOGI$3CFIC066992 676 $a851.91409$v20 700 1$aLorenzini$b, Niva$3CFIV013251$0147114 801 0$aIT$bBNI$c19960130$gRICA 802 $ad 912 $a990000794920203316 959 $aBK 979 $aPATTY$b90$c20011210$lUSA01$h0949 979 $c20020403$lUSA01$h1726 979 $aPATRY$b90$c20040406$lUSA01$h1655 979 $aFIORELLA$b90$c20081203$lUSA01$h1155 979 $aCHIARA$b90$c20100917$lUSA01$h1359 979 $aCHIARA$b90$c20100917$lUSA01$h1408 997 $aUNISA LEADER 01037nam0-22003251i-450- 001 990000516200403321 005 20100204125314.0 010 $a0198593759 035 $a000051620 035 $aFED01000051620 035 $a(Aleph)000051620FED01 035 $a000051620 100 $a20020821d1993----km-y0itay50------ba 101 0 $aeng 105 $aa-------001yy 200 1 $aParameter estimation, condition monitoring and diagnosis of electrical machines$fPeter Vas 210 $aOxford$cOxford University Press$d1993 215 $a360 p.$cill.$d24 cm 225 1 $aMonographs in electrical and electronic engineering$v27 610 0 $aMacchine elettriche 676 $a621.31'042 700 1$aVas,$bPeter$027777 801 0$aIT$bUNINA$gRICA$2UNIMARC 901 $aBK 912 $a990000516200403321 952 $a10 D III 686$bdis 3159$fDINEL 952 $a10 F I 254$bDEE L/17$fDINEL 959 $aDINEL 996 $aParameter estimation, condition monitoring and diagnosis of electrical machines$9331096 997 $aUNINA LEADER 02211nam 2200577 450 001 9910817127903321 005 20170821171725.0 010 $a1-4704-0709-4 035 $a(CKB)3360000000464483 035 $a(EBL)3113452 035 $a(SSID)ssj0000973920 035 $a(PQKBManifestationID)11603999 035 $a(PQKBTitleCode)TC0000973920 035 $a(PQKBWorkID)10984584 035 $a(PQKB)11767297 035 $a(MiAaPQ)EBC3113452 035 $a(RPAM)3785816 035 $a(PPN)195411803 035 $a(EXLCZ)993360000000464483 100 $a19840229h19841984 uy| 0 101 0 $aeng 135 $aur|n|---||||| 181 $ctxt 182 $cc 183 $acr 200 10$aSpecial values of Dirichlet series, monodromy, and the periods of automorphic forms /$fPeter Stiller 210 1$aProvidence, R.I., USA :$cAmerican Mathematical Society,$d[1984] 210 4$dİ1984 215 $a1 online resource (122 p.) 225 1 $aMemoirs of the American Mathematical Society,$x0065-9266 ;$vnumber 299 300 $a"May 1984, volume 49, number 299 (first of 5 numbers)." 311 $a0-8218-2300-0 320 $aBibliography: pages 114-116. 327 $a""Table of Contents""; ""A?1. Introduction""; ""A?2. Periods of automorphic forms""; ""A?3. Locally split extensions of flat vector bundles""; ""A?3 bis. Automorphic forms attached to the symmetric powers of a second order differential equation and their periods""; ""A?4. Descent""; ""A?5. Differential equations associated to automorphic forms""; ""A?6. Examples"" 410 0$aMemoirs of the American Mathematical Society ;$vno. 299. 606 $aDirichlet series 606 $aAutomorphic forms 606 $aDifferential equations, Linear 615 0$aDirichlet series. 615 0$aAutomorphic forms. 615 0$aDifferential equations, Linear. 676 $a510 s 676 $a512/.7 700 $aStiller$b Peter$f1951-$01460056 801 0$bMiAaPQ 801 1$bMiAaPQ 801 2$bMiAaPQ 906 $aBOOK 912 $a9910817127903321 996 $aSpecial values of Dirichlet series, monodromy, and the periods of automorphic forms$93936699 997 $aUNINA